5HLuxD.jpg

KING HENRY VIII SENIOR AND PRIMARY SCHOOL LIBRARY OPAC

The Wimpy Kid movie diary : (Record no. 2377)

000 -LEADER
fixed length control field 00971pam a2200313 i 4500
001 - CONTROL NUMBER
control field 020854393
003 - CONTROL NUMBER IDENTIFIER
control field UkOxU
005 - DATE AND TIME OF LATEST TRANSACTION
control field 20230502110247.0
008 - FIXED-LENGTH DATA ELEMENTS--GENERAL INFORMATION
fixed length control field 170303s2017 enka j 000|0|eng|d
015 ## - NATIONAL BIBLIOGRAPHY NUMBER
National bibliography number GBB731585
Source bnb
016 7# - NATIONAL BIBLIOGRAPHIC AGENCY CONTROL NUMBER
Record control number 018246590
Source Uk
020 ## - INTERNATIONAL STANDARD BOOK NUMBER
International Standard Book Number 9780141388199 (hbk.) :
035 ## - SYSTEM CONTROL NUMBER
System control number (Uk)018246590
040 ## - CATALOGING SOURCE
Original cataloging agency StDuBDS
Language of cataloging eng
Description conventions rda
Transcribing agency StDuBDS
Modifying agency Uk
-- KH8
042 ## - AUTHENTICATION CODE
Authentication code ukblcatcopy
082 04 - DEWEY DECIMAL CLASSIFICATION NUMBER
Classification number FIC KIN
Edition number 23
100 1# - MAIN ENTRY--PERSONAL NAME
Personal name Kinney, Jeff,
Relator term author.
245 14 - TITLE STATEMENT
Title The Wimpy Kid movie diary :
Remainder of title the next chapter /
Statement of responsibility, etc. by Jeff Kinney.
264 #1 - PRODUCTION, PUBLICATION, DISTRIBUTION, MANUFACTURE, AND COPYRIGHT NOTICE
Place of production, publication, distribution, manufacture London :
Name of producer, publisher, distributor, manufacturer Puffin,
Date of production, publication, distribution, manufacture, or copyright notice 2017.
300 ## - PHYSICAL DESCRIPTION
Extent 198 pages :
Other physical details illustrations ;
Dimensions 21 cm
336 ## - CONTENT TYPE
Content type term text
Source rdacontent
337 ## - MEDIA TYPE
Media type term unmediated
Source rdamedia
338 ## - CARRIER TYPE
Carrier type term volume
Source rdacarrier
500 ## - GENERAL NOTE
General note Film tie-in
500 ## - GENERAL NOTE
General note Originally published: New York: Amulet Books.
500 ## - GENERAL NOTE
General note Formerly CIP.
Institution to which field applies Uk
630 00 - SUBJECT ADDED ENTRY--UNIFORM TITLE
Uniform title Diary of a wimpy kid, the long haul (Motion picture)
Form subdivision Juvenile literature.
942 ## - ADDED ENTRY ELEMENTS (KOHA)
Source of classification or shelving scheme
Koha item type Books - Fiction
Holdings
Withdrawn status Lost status Source of classification or shelving scheme Damaged status Not for loan Collection code Permanent Location Current Location Shelving location Date acquired Total Checkouts Total Renewals Full call number Barcode Date last seen Date last checked out Price effective from Koha item type
          Fiction KH8 Primary School Library KH8 Primary School Library Fiction 2023-05-02 31 1 FIC KIN KHPL000004125 2026-01-29 2025-11-13 2023-05-02 Books - Fiction

Powered By KH8 IT Dept